Регионална библиотека "Любен Каравелов" - Русе

Пътешествие с Дискавъри Експрес (Запис номер 329424)

MARC детайли
000 -Лидер
Контролно поле с фиксирана дължина 01232nam a2200337 a 4500
003 - Код на организацията, давaща контролен номер
Контролно поле BLK
005 - Дата и час на последна редакция
Контролно поле 20250617151726.0
008 - Елементи от данни с фиксирана дължина
fixed length control field 190227b bu ||||| |||| 00| 0 bu d
020 ## - Международен стандартен номер на книга ISBN
Международен стандартен номер на книга ISBN 978-619-199-268-3
040 ## - Източник на каталожния запис
Идентификатор на билиотеката - собственик на записа BLK
041 ## - Код за език
Код за езика на текст/звукозапис или на отделно заглавие Български
Код за езика КДБФ Български
080 ## - УДК
Текстов определител УДК Техника на транспортните средства
УДК код - определител по УДК 629
УДК определител (031)
УДК - код + определител 629(031)
100 ## - Редна дума - Автор
Автор Хокинс, Емили
Авторска отговорност първи автор
R(LIN) 1299
139 ## - Редно поле
Редна дума Хокинс, Емили
Авторски знак Хок - Х 59
245 ## - Сведения за заглавието
Заглавие Пътешествие с Дискавъри Експрес
Редно поле (дума) Емили Хокинс, Том Адамс
260 ## - Област на издателските данни
9 (RLIN) 209475
Място на издаване, разпространение и проч. София
Име на издателя, разпространителя и проч. Фют
Година на издаване 2018
300 ## - Физическа характеристика
Страници 60 с.
Размери/Мащаб 31 см
380 ## - Жанр
Жанр Детска отраслова лит.
650 #7 - Допълнително описание по предмет – тема
9 (RLIN) 154962
Основно описание – тема или топоним Енциклопедии, детски
650 #0 - Допълнително описание по предмет – тема
9 (RLIN) 330384
Основно описание – тема или топоним Транспортни средства - енциклопедии
653 #7 - Ключова дума – ненормативна
9 (RLIN) 196029
Ключова дума самолети
653 #7 - Ключова дума – ненормативна
9 (RLIN) 180356
Ключова дума автомобили
653 #7 - Ключова дума – ненормативна
9 (RLIN) 183429
Ключова дума влакове
653 #7 - Ключова дума – ненормативна
9 (RLIN) 193945
Ключова дума подводници
700 ## - Други автори (авторска отговорност)
Лично име Адамс, Том
Автороска отговорност (Описва отношението между автора и произведението) съавт.
9 (RLIN) 1445
700 ## - Други автори (авторска отговорност)
9 (RLIN) 599
Лично име Клохоши-Коул, Том
Автороска отговорност (Описва отношението между автора и произведението) ил.
999 ## - СИСТЕМНИ КОНТРОЛНИ НОМЕРА
Koha biblionumber 329424
Koha biblioitemnumber 329424
942 ## - АРТИКУЛИ
Вид на библиотечния материал Книги
Скрит в OPAC Не
Koha issues (borrowed), all copies 30
999 ## - СИСТЕМНИ КОНТРОЛНИ НОМЕРА
Koha biblioitemnumber 329424
999 ## - СИСТЕМНИ КОНТРОЛНИ НОМЕРА
Koha biblioitemnumber 329424
944 ## - СЪЗДАВАНЕ И РЕДАКЦИЯ на ЗАПИСА
Служител, извършил регистрацията/редакцията 30537
Статус, дата на статуса Грета Цуфелде
Наличности
Код за отписване Код за изгубен артикул Източник на класификационната схема Код за повреда Код за отдаване Артикулен № Име на библиотеката - собственик Име на библиотеката, в която се намира в момента Статус (Текущо местоположение) Дата на вписване в системата Местоположение - отдел Цена в лева Систематично азбучна сигнатура Баркод Цена в евро Служебен тип на артикула
  Не е изгубен Universal Decimal Classification Не е повреден заемане за дома 691520 Регионална библиотека "Любен Каравелов" Русе Регионална библиотека "Любен Каравелов" Русе Детски отдел 2019-02-28 Детски отдел 8.39 ДН 629/Х 59 120000830522 4.29 Книги
  Не е изгубен Universal Decimal Classification Не е повреден заемане за дома 691521 Регионална библиотека "Любен Каравелов" Русе Регионална библиотека "Любен Каравелов" Русе Детски отдел 2019-02-28 Детски отдел 8.39 ДН 629/Х 59 120000830521 4.29 Книги
Vip Innovations Ltd, Rousse, Bulgaria 2025